000 00575nam a2200145Ia 4500
008 090122s9999 xx 000 0 und d
082 _b6782
_a334.2
100 _aदळवी
_bचंद्रकांत
_cपांडुरंग
245 _aसहकारी बँकांचा कर्ज व्यवहार
600 _aदळवी
630 _aसहकारी बँकांचा कर्ज व्यवहार
700 _aदळवी
730 _aसहकारी बँकांचा कर्ज व्यवहार
942 _cBOOK
999 _c30859
_d30859